Determinants of Commercial Bank's Efficiency: Evidence from 11 CEE Countries
Salvato in:
| Autore principale: | |
|---|---|
| Altri autori: | |
| Natura: | Capitolo di libro |
| Lingua: | inglese |
| Soggetti: | |
| Tags: |
Nessun Tag, puoi essere il primo ad aggiungerne!!
|
MARC
| LEADER | 00000naa a2200000 4500 | ||
|---|---|---|---|
| 001 | 0173373 | ||
| 005 | 20240502083413.7 | ||
| 041 | 0 | |a eng | |
| 044 | |a CZ | ||
| 245 | 1 | 0 | |a Determinants of Commercial Bank's Efficiency: Evidence from 11 CEE Countries |c Dana Pančurová, Štefan Lyócsa |
| 610 | 2 | 0 | |a banky obchodné |
| 610 | 2 | 0 | |a efektívnosť ekonomická |
| 610 | 2 | 0 | |a SVE |
| 610 | 2 | 0 | |a rast hospodársky |
| 610 | 2 | 0 | |a trh kapitálový |
| 100 | 1 | |a Pančurová, Dana, 1988- | |
| 700 | 1 | |a Lyócsa, Štefan, 1982- | |